000 01855nam a22002417a 4500
999 _c58080
_d58080
003 Ge_BSU
005 20220729135611.0
008 210609s2021 ge ||||| |||| 00| 0 geo d
041 _ageo
080 _a81 ბ-37
100 _aბახტაძე, ნუნუ
_911999
245 _aმანიპულაციის ენობრივი საშუალებები პოლიტიკურ დისკურსში /
_cნუნუ ბახტაძე; სამეცნიერო ხელმძღვანელი ნანა სტამბოლიშვილი; ბათუმის შოთა რუსთაველის სახელმწიფო უნივერსიტეტი. ჰუმანიტარულ მეცნიებათა ფაკულტეტი. ევროპეისტიკის დეპარტამენტი.
264 _aბათუმი,
_c2021.
300 _a151 გვ.;
_b30 სმ
500 _aგლოსარი გვ. 1-90
504 _aბიბლიოგრ. გვ. 143 - 150
653 _aმანიპულაციის ენობრივი საშუალებები პოლიტიკურ დისკურსში
653 _aფილოლოგია
653 _aდისერტაცია
700 _aსტამბოლიშვილი, ნანა
_eსამეცნიერო ხელმძღვანელი
_912000
710 _aბათუმის შოთა რუსთაველის სახელმწიფო უნივერსიტეტი.
_bჰუმანიტარულ მეცნიებათა ფაკულტეტი. ევროპეისტიკის დეპარტამენტი.
_912001
942 _2udc
_cDS